| 000 | 00922cab a2200253 4500 | ||
|---|---|---|---|
| 001 | ABS59462 | ||
| 008 | 090401t1998 xxu||||| |||| 00| 0 eng d | ||
| 035 | _a(Sirsi) u88899 | ||
| 041 | _aeng | ||
| 100 | _aDuckworth, S | ||
| 245 | _aDelivering the golden egg | ||
| 260 | _c1998 | ||
| 350 | _a0 | ||
| 490 |
_aInside Housing _v15(40) 25 September 1998, 18-19(2) |
||
| 520 | _aReports on the latest research on PFI. "PFI and social housing" by the Local Government Association`s Public Private Partnerships Programme and "Amendment to financial reporting standard FRS 5: reporting the substance of transactions: the private finance initiative and similar contracts". | ||
| 650 | _aACCOUNTING STANDARDS | ||
| 650 | _aPFI | ||
| 650 | _aPRIVATE FINANCE INITIATIVE | ||
| 650 | _aRESEARCH | ||
| 650 | _aSOCIAL HOUSING | ||
| 690 | _aPROPERTY-PROPERTY FINANCE AND INVESTMENT | ||
| 942 | _n0 | ||
| 948 | _c09/10/1998 | ||
| 999 |
_c56215 _d56215 |
||